Le divertissement au travail : un obstacle à la cohésion de groupe1 (notice n° 1936924)
[ vue normale ]
| 000 -LEADER | |
|---|---|
| fixed length control field | 01723cam a2200265 4500500 |
| 005 - DATE AND TIME OF LATEST TRANSACTION | |
| control field | 20260329025003.0 |
| 041 ## - LANGUAGE CODE | |
| Language code of text/sound track or separate title | fre |
| 042 ## - AUTHENTICATION CODE | |
| Authentication code | dc |
| 100 10 - MAIN ENTRY--PERSONAL NAME | |
| Personal name | Chtioui, Aziz |
| Relator term | author |
| 245 00 - TITLE STATEMENT | |
| Title | Le divertissement au travail : un obstacle à la cohésion de groupe1 |
| 260 ## - PUBLICATION, DISTRIBUTION, ETC. | |
| Date of publication, distribution, etc. | 2026.<br/> |
| 500 ## - GENERAL NOTE | |
| General note | 63 |
| 520 ## - SUMMARY, ETC. | |
| Summary, etc. | Cette recherche explore l’influence négative du divertissement au travail sur la cohésion de groupe. Une observation sur le terrain, une analyse documentaire et des entretiens semi-directifs menés dans une entreprise organisant des activités divertissantes ont révélé que le choix inapproprié des activités, les commérages, la consommation d’alcool, les perceptions d’inégalités entre unités et le sentiment d’être manipulé peuvent nuire à la cohésion de groupe. |
| 520 ## - SUMMARY, ETC. | |
| Summary, etc. | This study examines the negative impact of workplace fun on group cohesion. Field observations, documentary analysis, and semi-structured interviews conducted in a company that organizes recreational activities revealed that inappropriate activity choices, gossiping, alcohol consumption, perceived inequalities between units, and feelings of being manipulated can undermine group cohesion. |
| 690 ## - LOCAL SUBJECT ADDED ENTRY--TOPICAL TERM (OCLC, RLIN) | |
| Topical term or geographic name as entry element | Activités divertissantes au travail |
| 690 ## - LOCAL SUBJECT ADDED ENTRY--TOPICAL TERM (OCLC, RLIN) | |
| Topical term or geographic name as entry element | Cohésion de groupe |
| 690 ## - LOCAL SUBJECT ADDED ENTRY--TOPICAL TERM (OCLC, RLIN) | |
| Topical term or geographic name as entry element | Divertissement au travail |
| 690 ## - LOCAL SUBJECT ADDED ENTRY--TOPICAL TERM (OCLC, RLIN) | |
| Topical term or geographic name as entry element | Fun activities at work |
| 690 ## - LOCAL SUBJECT ADDED ENTRY--TOPICAL TERM (OCLC, RLIN) | |
| Topical term or geographic name as entry element | Group cohesion |
| 690 ## - LOCAL SUBJECT ADDED ENTRY--TOPICAL TERM (OCLC, RLIN) | |
| Topical term or geographic name as entry element | Workplace fun |
| 700 10 - ADDED ENTRY--PERSONAL NAME | |
| Personal name | Hechiche Salah, Lamia |
| Relator term | author |
| 700 10 - ADDED ENTRY--PERSONAL NAME | |
| Personal name | Bouville, Gregor |
| Relator term | author |
| 786 0# - DATA SOURCE ENTRY | |
| Note | Management & Avenir | 151 | 2 | 2026-03-09 | p. 21-41 | 1768-5958 |
| 856 41 - ELECTRONIC LOCATION AND ACCESS | |
| Uniform Resource Identifier | <a href="https://shs.cairn.info/revue-management-avenir-2026-2-page-21?lang=fr&redirect-ssocas=7080">https://shs.cairn.info/revue-management-avenir-2026-2-page-21?lang=fr&redirect-ssocas=7080</a> |
Pas d'exemplaire disponible.




Réseaux sociaux